000 01275nam a2200265 i 4500
003 DO-SdBNP
005 20250306140931.0
007 ta
008 240117e1946 dr ac||| m||| 00| 0 eng d
040 _aDO-SdBNP
_bspa
_cBNPHU
_erda
082 4 _222
_bR488f
100 1 _aRicart Cambiaso, Ricardo Rafael Adolfo
_984794
_eautor
245 1 0 _aFormulario del Dr. Juan Méndez Nieto :
_bhistoria de la farmacia en Santo Domingo. tesis para el doctorado año académico 1645-1946 /
_cRicardo Rafael Adolfo Ricart Cambiaso
246 1 3 _aTesis para el doctorado.
264 1 _aSanto Domingo :
_bEscobar i Cía,
_c1946
300 _a107 hojas ;
_c27 cm.
336 _2rdacontent
_atexto
_btxt
337 _2rdamedia
_asin mediación
_bn
338 _2rdacarrier
_avolumen
_bnc
500 _aArt. 16 del reglamento interior del Instituto Profesional. En el examen final, el actuante está obligado á responder á todas las preguntas i observaciones del Jurado Examinador que directa é indirectamente se relaciona con su tesis.
504 _aBibliografía: página [108]
590 _aTesis para la Licenciatura de Derecho Civil 1946. Inventariado 2024 / MF
710 1 _aUniversidad Autónoma de Santo Domingo
_bFacultad de Farmacia y Ciencias Químicas
_972951
942 _2ddc
_cLBS1
999 _c55720
_d55720